000
00345 a2200157 4500
001
76045
020
_a
9788547234089
040
_c
Anchieta - Colégio São Paulo
100
_a
Salvador, Edgard
240
1
0
_a
Química 2
_l
por
245
1
0
_a
Química 2
300
_a
280
362
0
_a
2018
650
4
_a
Química e ciências afins
942
_c
BK
999
_c
76045
_d
76045